| 000 | 00510nam a2200193Ia 4500 | ||
|---|---|---|---|
| 999 |
_c14842 _d14842 |
||
| 003 | OSt | ||
| 005 | 20201027123106.0 | ||
| 008 | 190216s9999||||xx |||||||||||||| ||und|| | ||
| 020 | _a9789380658742 | ||
| 040 | _coclc | ||
| 082 |
_a823.92 _bAMI/I |
||
| 100 | 0 |
_aAmish _934 |
|
| 245 | 4 |
_aThe Immortals Of Meluha / _cAmish |
|
| 250 | _a1st Ed. | ||
| 260 |
_bW Westland Ltd, _c2010. _aNew Delhi: |
||
| 300 | _a415p | ||
| 650 | _aEnglish | ||
| 942 |
_cBK _2ddc _h823.92 _iAMI/I _k823.92 _mAMI/I |
||